000 00329nam a2200145Ia 4500
100 _aShah/Sharanam/ Shah/Vaishali
942 _cBK
366 _f20
245 _aStruts 2 with Hibernate 3 project
260 _bShroff Publishers
_c2009
082 _a5.133
_bSHA
300 _a926
546 _aENGLISH
_cComputers
999 _c24243
_d24243